Movies Quiz

Random Movies or Clickable Quiz

Clickable Team America Quiz Stats

 Plays Quiz not verified by Sporcle

Also try: Movie Posters XIV
Challenge
Share
Tweet
Score 0/26 Timer 03:00
0 Plays Today
% Correct
Internet
100%
Disneyworld
100%
Baseball
98.3%
Pornography
98.3%
McDonalds
96.6%
Breast Implants
96.6%
Wal-Mart
94.8%
Liberty
94.8%
Las Vegas
94.8%
Rock and Roll
93.1%
The Alamo
93.1%
Christmas
93.1%
NFL
89.7%
% Correct
Starbucks
89.7%
Taco Bell
89.7%
Rodeos
89.7%
Popeye
89.7%
The Gap
87.9%
Reebok
86.2%
Band-Aids
84.5%
Valium
79.3%
Immigrants
79.3%
Sushi
77.6%
Slavery
74.1%
Wax Lips
72.4%
Democrats
72.4%

You're not logged in!

Compare scores with friends on all Sporcle quizzes.
Join for Free
OR
Log In

You Might Also Like...

Show Comments

Extras

Top Quizzes Today


Score Distribution

Your Account Isn't Verified!

In order to create a playlist on Sporcle, you need to verify the email address you used during registration. Go to your Sporcle Settings to finish the process.

Report this User

Report this user for behavior that violates our Community Guidelines.

Details: